| 000 | 00528nam a2200193Ia 4500 | ||
|---|---|---|---|
| 003 | GCL | ||
| 008 | 140319s9999 xx 000 0 eng d | ||
| 040 |
_aGCL / _cGCL |
||
| 082 | 0 | 4 |
_a721 _bA R |
| 100 | 1 | _aACADEMY EDITIONS | |
| 245 | 1 | 0 |
_aRECONSTRUCTION DECONSTRUCTION / _cACADEMY EDITIONS |
| 260 |
_a[S.N] : _bACADEMY EDITIONS ، _c1994 |
||
| 300 | _a96 P | ||
| 650 | 0 | 4 | _aLIBRARIES ARCHITECTURE |
| 650 | 0 | 4 | _aARCHITECTURE |
| 650 | 0 | 4 | _aARCHITECTURE, CLASSICAL |
| 650 | 0 | 4 | _aDANCE THEATRE - ARCHITECTURE |
| 942 |
_2ddc _cBK |
||
| 999 |
_c11905 _d11905 |
||